00610nam a2200217Ia 4500001000700000003000500007008004100012010001100053040000900064082001600073100002000089245009900109260003700208300001100245440000500256500002400261503000500285650004800290650002900338650002500367Z_4740CHAP220113s1979 xx 000 0 und d a167789 cCHAP a636.08 B37y aBarrett, Mike A aProdución lechera y de carne de res en los trópicos /cpor Mike A Barrett y P. J. Larkin aMéxico, D. F. :bDiana,c1979 a301 p. a aTrad. Milk and beef a aCarne de resxProducción I. Larkin, P. J. aGanaderíaxTrópicos  aLechexProducción